00566nam a2200181Ia 450000500170000000800410001702000150005808200150007310000200008824500900010825000080019826000370020630000130024365000100025694200060026695200970027299900150036920240418010718.0240331s9999 xx 000 0 und d a0586062602 bGLAa331.4 aGlascock, Susan 2aA woman guide to starting her own business :ba self employment guidecSusan Glascock a1st aLondon :bPanther Books /c1984. a240 p ., aWomen cL 001040708LaWERCLbWERCLcSSCd2024-03-31l0o 331.4 GLAp1553r2024-03-31w2024-03-31yL c2626d2626